| 000 | 00000cam 2200000zi 4500 |
| 001 | 9.946430 |
| 003 | CaOODSP |
| 005 | 20251117135241 |
| 006 | m o d f |
| 007 | cr cn||||||||| |
| 008 | 241224e20251114oncad obs f000 0 fre d |
| 020 | |a9780660750736 |
| 040 | |aCaOODSP|bfre|erda|cCaOODSP |
| 043 | |an-cn--- |
| 086 | 1 |aCS89-657/2025-2F-PDF |
| 245 | 00|aEnquête sur la population de langue officielle en situation minoritaire : |bguide de l'utilisateur, 2022 (révisions de 2025). |
| 264 | 1|a[Ottawa] : |bStatistique Canada = Statistics Canada, |cle 14 novembre 2025. |
| 264 | 4|c©2025 |
| 300 | |a1 ressource en ligne (60 pages) : |billustrations, graphiques. |
| 336 | |atexte|btxt|2rdacontent/fre |
| 337 | |ainformatique|bc|2rdamedia/fre |
| 338 | |aressource en ligne|bcr|2rdacarrier/fre |
| 490 | 1 |aSérie thématique sur l'ethnicité, la langue et l'immigration, |x2371-5014 |
| 500 | |aTitre de la couverture. |
| 500 | |aPublié aussi en anglais sous le titre : Survey on the official language minority population : user guide, 2022 (2025 revisions). |
| 504 | |aComprend des références bibliographiques (page 60). |
| 520 | |a« L’Enquête sur la population de langue officielle en situation minoritaire (EPLOSM) a été menée par Statistique Canada en 2022 avec la collaboration et le soutien de Patrimoine canadien. Il s’agit d’une enquête postcensitaire réalisée auprès de la population de langue anglaise du Québec et de la population de langue française ailleurs au Canada. Les questions ont été conçues pour évaluer l’évolution de la situation des populations de langue officielle en situation minoritaire depuis 2006, année où une enquête semblable (l’Enquête sur la vitalité des minorités de langue officielle [EVMLO]) a été menée par Statistique Canada, et pour fournir des renseignements sur les nouveaux enjeux concernant ces populations minoritaires. L’enquête comprend deux grands échantillons : l’un pour les adultes appartenant à la population de langue officielle en situation minoritaire et l’autre pour les enfants dont au moins un parent appartient à une population de langue officielle en situation minoritaire ou qui sont eux-mêmes admissibles à l’instruction dans la langue officielle minoritaire » -- Description de l’enquête, page 5. |
| 650 | 6|aPolitique linguistique|zCanada|vStatistiques. |
| 650 | 6|aBilinguisme|xPolitique gouvernementale|zCanada|vStatistiques. |
| 650 | 6|aMinorités linguistiques|zCanada|xAttitudes. |
| 650 | 6|aMinorités linguistiques|zCanada|vStatistiques. |
| 655 | 7|aStatistiques|2rvmgf |
| 710 | 2 |aStatistique Canada, |eorganisme de publication. |
| 775 | 08|tSurvey on the official language minority population : |w(CaOODSP)9.946431 |
| 795 | |tEnquête sur la population de langue officielle en situation minoritaire : |b2024|w(CaOODSP)9.945517 |
| 830 | #0|aSérie thématique sur l'ethnicité, la langue et l'immigration (Statistique Canada)|x2371-5014|w(CaOODSP)9.824154 |
| 856 | 40|qPDF|s819 Ko|uhttps://publications.gc.ca/collections/collection_2025/statcan/89-657-x/89-657-x2025002-fra.pdf |
| 856 | 4 |qHTML|sS.O.|uhttps://www150.statcan.gc.ca/n1/pub/89-657-x/89-657-x2025002-fra.htm |
| 986 | |a89‑657‑X2025002 |